Normal view
MARC view
- Haider, Muhammad
Entry Personal Name
001 - CONTROL NUMBER
- control field: 21126
003 - CONTROL NUMBER IDENTIFIER
- control field: NUST
005 - DATE AND TIME OF LATEST TRANSACTION
- control field: 20190924101733.0
008 - FIXED-LENGTH DATA ELEMENTS
- fixed length control field: 190924|| aca||aabn | a|a d
040 ## - CATALOGING SOURCE
- Original cataloging agency: NUST
- Transcribing agency: NUST
100 ## - HEADING--PERSONAL NAME
- Personal name: Haider, Muhammad
670 ## - SOURCE DATA FOUND
- Source citation: Work cat.: (NUST): Haider, Muhammad, Multi-Domain Modeling of Pan Tilt Platform with Mechanical Imperfections /, 2013.
